Higher Chemistry Functional Groups - Statistics

General Stats
  • This quiz has been taken 27 times
  • The average score is 4 of 7
Answer Stats
Picture Answer % Correct
Carboxyl Group
91%
Amine Link
73%
Amide Link
68%
Ester Link
64%
Carbonyl Group
55%
Hydroxyl Group
55%
Carbon-Carbon Double Bond
23%
No matching quizzes found
Score Distribution
Percent of People with Each Score
Percentile by Number Answered
Your Score History
You have not taken this quiz